Pokémon - Statistiques (11) - Statistiques

Statistiques générales
  • Ce quiz a été pris 40 fois
  • Le résultat moyen est 35 sur 60
Statistiques - réponses
Question Tuile Select % Correct
Quels Pokémon possèdent une statistique de base en Défense Spéciale supérieure à 80 ? Non
86%
Quel Pokémon possède une statistique de base en Vitesse supérieure à 60 ? Non
86%
Quels Pokémon possèdent une statistique de base en PV supérieure à 120 ? Oui
83%
Quel Pokémon possède une statistique de base en Attaque Spéciale supérieure à 70 ? Non
81%
Quels Pokémon possèdent une statistique de base en Défense supérieure à 110 ? Non
81%
Quel Pokémon possède une statistique de base en Vitesse supérieure à 60 ? Non
81%
Quels Pokémon possèdent une statistique de base en Attaque supérieure à 90 ? Non
78%
Quels Pokémon possèdent une statistique de base en Défense Spéciale supérieure à 80 ? Non
78%
Quels Pokémon possèdent une statistique de base en Défense supérieure à 110 ? Oui
75%
Quels Pokémon possèdent une statistique de base en Défense supérieure à 110 ? Non
75%
Quel Pokémon possède une statistique de base en PV supérieure à 90 ? Non
75%
Quel Pokémon possède une statistique de base en Vitesse supérieure à 60 ? Non
72%
Quels Pokémon possèdent une statistique de base en Vitesse supérieure à 90 ? Non
72%
Quels Pokémon possèdent une statistique de base en Défense supérieure à 130 ? Oui
72%
Quels Pokémon possèdent une statistique de base en Attaque supérieure à 50 ? Oui
72%
Quels Pokémon possèdent une statistique de base en Attaque supérieure à 50 ? Non
69%
Quels Pokémon possèdent une statistique de base en Attaque supérieure à 90 ? Non
67%
Quel Pokémon possède une statistique de base en Attaque Spéciale supérieure à 70 ? Non
67%
Quel Pokémon possède une statistique de base en Attaque Spéciale supérieure à 70 ? Non
67%
Quels Pokémon possèdent une statistique de base en Défense Spéciale supérieure à 80 ? Oui
67%
Quels Pokémon possèdent une statistique de base en Vitesse supérieure à 90 ? Oui
67%
Quels Pokémon possèdent une statistique de base en Défense supérieure à 130 ? Non
67%
Quels Pokémon possèdent une statistique de base en Attaque supérieure à 50 ? Oui
67%
Quels Pokémon possèdent une statistique de base en Attaque supérieure à 50 ? Oui
67%
Quels Pokémon possèdent une statistique de base en PV supérieure à 120 ? Non
64%
Quels Pokémon possèdent une statistique de base en Vitesse supérieure à 90 ? Non
64%
Quels Pokémon possèdent une statistique de base en Défense supérieure à 130 ? Oui
64%
Quel Pokémon possède une statistique de base en PV supérieure à 90 ? Non
64%
Quels Pokémon possèdent une statistique de base en Attaque supérieure à 90 ? Oui
61%
Quels Pokémon possèdent une statistique de base en Attaque supérieure à 90 ? Non
61%
Quels Pokémon possèdent une statistique de base en Défense supérieure à 130 ? Non
61%
Quels Pokémon possèdent une statistique de base en Défense supérieure à 130 ? Oui
61%
Quels Pokémon possèdent une statistique de base en Attaque supérieure à 50 ? Oui
58%
Quel Pokémon possède une statistique de base en PV supérieure à 90 ? Non
58%
Quel Pokémon possède une statistique de base en Attaque Spéciale supérieure à 70 ? Non
56%
Quel Pokémon possède une statistique de base en Vitesse supérieure à 60 ? Non
56%
Quels Pokémon possèdent une statistique de base en Défense supérieure à 110 ? Non
53%
Quels Pokémon possèdent une statistique de base en Vitesse supérieure à 90 ? Non
53%
Quels Pokémon possèdent une statistique de base en Vitesse supérieure à 90 ? Oui
53%
Quel Pokémon possède une statistique de base en PV supérieure à 90 ? Non
53%
Quel Pokémon possède une statistique de base en Attaque Spéciale supérieure à 70 ? Non
50%
Quels Pokémon possèdent une statistique de base en Défense supérieure à 110 ? Non
50%
Quel Pokémon possède une statistique de base en Vitesse supérieure à 60 ? Oui
50%
Quels Pokémon possèdent une statistique de base en PV supérieure à 120 ? Oui
50%
Quels Pokémon possèdent une statistique de base en Vitesse supérieure à 90 ? Oui
50%
Quels Pokémon possèdent une statistique de base en Défense Spéciale supérieure à 80 ? Oui
47%
Quel Pokémon possède une statistique de base en Vitesse supérieure à 60 ? Non
47%
Quels Pokémon possèdent une statistique de base en PV supérieure à 120 ? Oui
47%
Quel Pokémon possède une statistique de base en PV supérieure à 90 ? Non
47%
Quels Pokémon possèdent une statistique de base en Défense supérieure à 110 ? Oui
44%
Quel Pokémon possède une statistique de base en PV supérieure à 90 ? Oui
44%
Quels Pokémon possèdent une statistique de base en Défense Spéciale supérieure à 80 ? Non
39%
Quels Pokémon possèdent une statistique de base en PV supérieure à 120 ? Oui
39%
Quels Pokémon possèdent une statistique de base en Attaque supérieure à 90 ? Oui
33%
Quels Pokémon possèdent une statistique de base en Défense Spéciale supérieure à 80 ? Oui
33%
Quels Pokémon possèdent une statistique de base en PV supérieure à 120 ? Oui
31%
Quels Pokémon possèdent une statistique de base en Défense supérieure à 130 ? Oui
31%
Quel Pokémon possède une statistique de base en Attaque Spéciale supérieure à 70 ? Oui
28%
Quels Pokémon possèdent une statistique de base en Attaque supérieure à 50 ? Oui
28%
Quels Pokémon possèdent une statistique de base en Attaque supérieure à 90 ? Oui
14%
Aucun quiz correspondant
Distribution des résultats
% des personnes avec chaque résultat
Percentile par nombre de réponses
Votre historique - résultats
Vous n’avez pas pris ce quiz